| 000 | 01197njm a22002897a 4500 | ||
|---|---|---|---|
| 005 | 20100915152354.0 | ||
| 006 | a|||||r|||||00| 0 | ||
| 007 | sd ammalaaahaa | ||
| 008 | 100901t xxu||||| |||| 00| 0 eng d | ||
| 028 |
_a45N 14139 _bEMI |
||
| 035 | _aGR-02629 | ||
| 040 |
_aSED _cSED |
||
| 100 |
_aShobha Gurtu _917891 |
||
| 245 |
_aSajjo rani / _cby Shobha Gurtu; music by Sapan Jagmohan; lyric by Jan Nisar Akhtar _h[Sound recording] |
||
| 246 | _aसज्जो रानी / शोभा गुर्टू द्वारा | ||
| 260 |
_aDum Dum, India _bEMI _c1974 |
||
| 300 |
_a1 Sound disc [Gramophone Recording] : _banalog, 45 rpm _c7 in. (SP) _fGramophone Record |
||
| 500 | _aBrief record | ||
| 500 | _aRecord Labels : EMI, Red | ||
| 505 | _aSide-1 नथनिया ने है राम (Nathaniya ne hai ram) (Shobha Gurtu) --Side-2 दिल है हाज़िर (Dil hai hazir) (Shobha Gurtu) | ||
| 600 |
_aShobha Gurtu _919718 |
||
| 650 |
_aFilm songs _xExcerpts _zIndia _917892 |
||
| 700 |
_aSapan Jagmohan _920083 |
||
| 700 |
_aJan Nisar Akhtar _920112 |
||
| 942 |
_2ddc _cGR |
||
| 999 |
_c46014 _d46014 |
||